महाराष्ट्र-प्रादेशिक दुय्यम सेवा निवड मंडळ मार्गदर्शिका (Record no. 66148)

MARC details
000 -LEADER
fixed length control field 00933nam a2200181Ia 4500
008 - FIXED-LENGTH DATA ELEMENTS--GENERAL INFORMATION
fixed length control field 090123s9999 xx 000 0 und d
082 ## - DEWEY DECIMAL CLASSIFICATION NUMBER
Item number 27777
100 ## - MAIN ENTRY--PERSONAL NAME
Personal name काळुखे अमृतराव
245 ## - TITLE STATEMENT
Title महाराष्ट्र-प्रादेशिक दुय्यम सेवा निवड मंडळ मार्गदर्शिका
250 ## - EDITION STATEMENT
Edition statement 0
260 ## - PUBLICATION, DISTRIBUTION, ETC. (IMPRINT)
Name of publisher, distributor, etc नर्मदा प्रकाशन
300 ## - PHYSICAL DESCRIPTION
Extent 239+97
600 ## - SUBJECT ADDED ENTRY--PERSONAL NAME
Personal name काळुखे अमृतराव
630 ## - SUBJECT ADDED ENTRY--UNIFORM TITLE
Uniform title महाराष्ट्र-प्रादेशिक दुय्यम सेवा निवड मंडळ मार्गदर्शिका
700 ## - ADDED ENTRY--PERSONAL NAME
Personal name काळुखे अमृतराव
730 ## - ADDED ENTRY--UNIFORM TITLE
Uniform title महाराष्ट्र-प्रादेशिक दुय्यम सेवा निवड मंडळ मार्गदर्शिका
942 ## - ADDED ENTRY ELEMENTS (KOHA)
Koha item type Book
Holdings
Withdrawn status Lost status Damaged status Not for loan Home library Current library Date acquired Cost, normal purchase price Total Checkouts Full call number Barcode Date last seen Cost, replacement price Price effective from Koha item type
        Jawahar Wachalanalaya, Kalwa Jawahar Wachalanalaya, Kalwa 03/31/2002 60.00   27777 KLW-27777 01/23/2009 60.00 01/23/2009 Book